Les plus grandes villes de Louisiane - Statistiques

Statistiques générales
  • Ce quiz a été pris 22 fois
  • Le résultat moyen est 5 sur 20
Réponses sur la Carte
Les réponses sont colorées sur une échelle allant du rouge au vert en fonction du pourcentage des utilisateurs qui les ont devinées à leur premier essai. Vous pouvez retrouver ces pourcentages ci-dessous.
 
Statistiques - réponses
Population Ville % Correct
369 749 La Nouvelle-Orléans
95%
221 453 Baton Rouge
91%
121 389 Lafayette
68%
31 775 Houma
27%
79 113 Lake Charles
27%
44 004 Alexandria
23%
180 153 Shreveport
18%
62 635 Bossier City
14%
17 440 Les Natchitoches
14%
46 820 Monroe
14%
22 295 Ruston
14%
28 649 Slidell
14%
27 473 La Nouvelle-Ibérie
9%
17 361 Youngsville
9%
29 735 Central
5%
21 588 Hammond
5%
64 007 Kenner
5%
19 916 Zachary
5%
17 195 Gretna
0%
20 342 Soufre
0%
Aucun quiz correspondant
Distribution des résultats
% des personnes avec chaque résultat
Percentile par nombre de réponses
Votre historique - résultats
Vous n’avez pas pris ce quiz